| 000 | 00366nam a2200145Ia 4500 | ||
|---|---|---|---|
| 008 | 150201s2012 xx 000 0 und d | ||
| 082 |
_a610 _bW12K |
||
| 100 | _aKOLLEF, MARIN | ||
| 245 | _aTHE WASHINGTON MANUAL OF CRITICAL CARE | ||
| 250 | _a2ND | ||
| 260 |
_bWOLTRS KLUWER _aPHILADELPHIA _c2012 |
||
| 300 | _a1-703 | ||
| 650 | _aGENERAL MEDICINE | ||
| 942 |
_2ddc _cBK |
||
| 999 |
_c1667 _d1667 |
||